|
|
|
|
| LEADER |
00000nam0a2200000 4500 |
| 001 |
51462 |
| 005 |
20231101211318.0 |
| 035 |
|
|
|a (RuTPU)RU\TPU\book\53884
|
| 090 |
|
|
|a 51462
|
| 100 |
|
|
|a 20030430d1982 km y0rusy50 ca
|
| 101 |
0 |
|
|a rus
|
| 102 |
|
|
|a RU
|
| 105 |
|
|
|a a z 001zy
|
| 200 |
1 |
|
|a Оборудование атомных электростанций
|f Ю. В. Котов, В. В. Кротов, Г. А. Филиппов
|
| 210 |
|
|
|a Москва
|c Машиностроение
|d 1982
|
| 215 |
|
|
|a 375 с.
|c ил.
|
| 320 |
|
|
|a Библиогр.: с. 371-372.
|
| 606 |
1 |
|
|a Атомные электрические станции
|x Оборудование
|2 stltpush
|3 (RuTPU)RU\TPU\subj\29747
|9 53015
|
| 610 |
1 |
|
|a атомная энергетика
|
| 610 |
1 |
|
|a атомные электростанции
|
| 610 |
1 |
|
|a АЭС
|
| 610 |
1 |
|
|a водоохлаждаемые реакторы
|
| 610 |
1 |
|
|a парогенераторы
|
| 610 |
1 |
|
|a турбоустановки
|
| 610 |
1 |
|
|a водоподготовительные установки
|
| 610 |
1 |
|
|a надежность
|
| 610 |
1 |
|
|a ремонтопригодность
|
| 675 |
|
|
|a 621.311.25:621.039.002.5
|v 3
|
| 700 |
|
1 |
|a Котов
|b Ю. В.
|g Юрий Владимирович
|
| 701 |
|
1 |
|a Кротов
|b В. В.
|g Виктор Васильевич
|
| 701 |
|
1 |
|a Филиппов
|b Г. А.
|c специалист в области энергетики
|c профессор Томского политехнического университета, академик РАН
|f 1932-
|g Геннадий Алексеевич
|2 stltpush
|3 (RuTPU)RU\TPU\pers\29657
|
| 801 |
|
1 |
|a RU
|b 63413507
|c 20030430
|g PSBO
|
| 801 |
|
2 |
|a RU
|b 63413507
|c 20201016
|g PSBO
|
| 942 |
|
|
|c BK
|